[Event "SVK-ch U10 Girls"]
[Site "Liptovsky Mikulas"]
[Date "2019.04.27"]
[Round "6"]
[White "Gergely, Noemi"]
[Black "Marcinkova, Lydia"]
[Result "0-1"]
[WhiteElo "1000"]
[BlackElo "1000"]
[PlyCount "78"]
[EventDate "2019.04.23"]
[EventType "swiss"]
[EventRounds "9"]
[EventCountry "SVK"]
[SourceTitle "CBM 190 Extra"]
[Source "ChessBase"]
[SourceDate "2019.07.15"]
[SourceVersion "1"]
[SourceVersionDate "2019.07.15"]
[SourceQuality "1"]

1. e4 e5 2. Nc3 Nf6 3. Bc4 Bc5 4. d3 Nc6 5. Bg5 h6 6. Bxf6 Qxf6 7. Nf3 Qd8 8. 0-0 0-0 9. h3 d6 10. Nd5 Be6 11. Rb1 Bxd5 12. Bxd5 Qf6 13. Bxc6 bxc6 14. b4 Bb6 15. b5 d5 16. bxc6 Rad8 17. exd5 Rxd5 18. c4 Rdd8 19. Re1 Rfe8 20. Kh1 e4 21. Nd2 Rxd3 22. Rb3 Rdd8 23. Qc2 Qxc6 24. Qc3 Bxf2 25. Rf1 e3 26. Nf3 Qd6 27. c5 Qa6 28. Rbb1 Re7 29. Nd4 e2 30. Rfc1 Bxd4 31. Qf3 Rde8 32. Qg3 Qxa2 33. Qe1 a5 34. c6 a4 35. g3 Qd5+ 36. Kh2 a3 37. h4 Re3 38. Qd2 Qd6 39. Qe1 a2 0-1